000 00334pab a2200145 454500
008 180718b1987 xxu||||| |||| 00| 0 eng d
100 _aBasu, Chitta
245 _aEconomic backwardness Villain of the piece
260 _c1987
300 _a32-5
362 _a26 Jan.
650 _aNationalism
773 _aYojana
909 _a13998
999 _c13998
_d13998